01765cam a22004217a 4500003000500000005001700005008004100022010001000063011001000073035001000083040000900093090001000102100004600112245011600158260004100274300002100315502007500336530003600411590003700447590004100484590004100525590004100566590004100607590004100648590004200689650003500731650003600766650004100802856006300843901000700906905002600913942000900939949006200948949004901010999001701059952014001076952012701216CHAP20220329142756.0030829s2003 mx r 00010 spa d a87624 a88596 a99141 cCHAP aTesis00aMaldonado Méndez, Leonel Sandro.97011410aAnálisis productivo de una empresa porcina en Jesús María, Jaliscoc/por Leonel Sandro Maldonado Méndez aChapingo, Méx. :bEl autor,c2003. a66 h. ;bcuadros aTesis (ing. Agr. Esp. en Zootecnia) -- UACH. Departamento de Zootecnia aTambién disponible en línea aALEPHb10c20130110lUCH01h1455 aBATCH-UPDb10c20130110lUCH01h0710 aBATCH-UPDb10c20130410lUCH01h0356 aBATCH-UPDb10c20130914lUCH01h1304 aBATCH-UPDb10c20140324lUCH01h1440 aBATCH-UPDb10c20141002lUCH01h0819 aCONVERSIONb10c20130109lUCH01h134914aEmpresas agropecuarias.93664914aGanado porcinoxJalisco.94537814aGanado porcinoxProducción.945399 2Finding aiduhttp://10.13.5.2/tesis/99141.pdfzTeclea aqui aBK aAlejandra Carrasco M. cFOLL aTesisbBCcTESd33724000898342eTS2fc.2h41288i99141sb aTesisbBCcTESd991411eTS1h41287i99141sb c87624d87624 00102local4053708TESISaBCbBCcPA_TESISd2019-12-31fTESISl0oTesisp33724000898342r2019-12-31 00:00:00tc.2w2019-12-31yTESIS 00102local4051708TESISaBCbBCcPA_TESISd2019-12-31fTESISl0oTesisp991411r2019-12-31 00:00:00w2019-12-31yTESIS